• 首页
  • 本馆介绍
  • 公告通知
  • 最新文献
  • 馆藏检索
  • 电子资源
  • 读者导购
  • 参考咨询
  • 我的图书馆
  • 登录
  • 详细信息显示
  • 放入我的书架
  • 预约/预借图书
  • 作者相关作品
  • 分类相关作品
  • 丛书相关作品
  • 出版社相关作品

书目信息

  • 表格格式
  • 工作单格式
  • 卡片格式
题名:
日本十五年侵略战争史
    
 
作者: 江口圭一 著 ;杨栋梁 译
分册:  
出版信息: 南京   江苏人民出版社  2016
页数: 280页
开本: 23cm
丛书名: 凤凰文库
单 册:
中图分类: K265.307
科图分类:
主题词: 侵华--qin hua--历史--日本--1931-1945
电子资源:
ISBN: 978-7-214-17381-2
000 01104nam0 22002651 450
001 0124140141
005 20170324140141.0
010    @a978-7-214-17381-2@dCNY48.00
100    @a20161219d2016 em y0chiy50 ea
101 1  @achi@cjpn
102    @aCN@b320000
105    @aab z 000yy
106    @ar
200 1  @a日本十五年侵略战争史@9ri ben shi wu nian qin lue zhan zheng shi@e1931-1945@f(日)江口圭一著@g杨栋梁译
210    @a南京@c江苏人民出版社@d2016
215    @a280页@c图,地图@d23cm
225 2  @a凤凰文库@9feng huang wen ku@i历史研究系列
330    @a本书序篇讲述了“十五年战争”提法的由来和意义,第一篇讲述了满洲事变的过程,第二篇讲述了日军分裂华北的行动,第三篇介绍了日中战争,第四篇讲述了太平洋战争的过程,终章是十五年战争的加害、受害和责任,书的最后有两位中国学者所著纪念江口圭一先生的文章。
461  0 @12001 @a凤凰文库
606 0  @a侵华@9qin hua@x历史@y日本@z1931-1945
690    @aK265.307@v5
701  0 @c(日)@a江口圭一@9jiang kou gui yi@f(1932~)@4著
702  0 @a杨栋梁@9yang dong liang@f(1954.2~)@4译
801  0 @aCN@bTANGWEI@c20170308
905    @b0961811-3@dK265.307@e118@f3
    
    日本十五年侵略战争史:1931-1945/(日)江口圭一著/杨栋梁译.-南京:江苏人民出版社,2016
    280页:图,地图;23cm.-(凤凰文库.历史研究系列)
    
    
    ISBN 978-7-214-17381-2:CNY48.00
    本书序篇讲述了“十五年战争”提法的由来和意义,第一篇讲述了满洲事变的过程,第二篇讲述了日军分裂华北的行动,第三篇介绍了日中战争,第四篇讲述了太平洋战争的过程,终章是十五年战争的加害、受害和责任,书的最后有两位中国学者所著纪念江口圭一先生的文章。
●
相关链接 在E读中查询图书 在五车中查询图书 在当当中查询图书 在豆瓣中查询图书


正题名:日本十五年侵略战争史     索取号:K265.307/118         预约/预借

序号 登录号 条形码 馆藏地/架位号 状态 备注
1 0961811   209618118   第二样本阅览室/ [索取号:K265.307/118] 在馆    
2 0961812   209618127   第二借阅区/ [索取号:K265.307/118] 在馆    
3 0961813   209618136   第二借阅区/ [索取号:K265.307/118] 在馆    
唐山师范学院图书馆 欢迎您!
大连网信软件有限公司© 版权所有